000 00781cab a2200241 4500
001 X3112
008 090401t1995 xxu||||| |||| 00| 0 eng d
035 _a(Sirsi) u28503
041 _aeng
245 _aConstruction industry trends
260 _c1995
350 _a0
490 _aCSM (Chartered Surveyor Monthly)
_v5(3) November/December 1995, 27(1)
520 _aStatistics for construction orders, employment prospects and forecasts to 1997 by three research bodies: CFR, BMP and Cambridge Econometrics.
650 _aBUILDING MATERIALS PRODUCERS
650 _aCONSTRUCTION FORECASTING AND RESEARCH
650 _aCONSTRUCTION ORDERS
650 _aCONSTRUCTION OUTPUT
650 _aSTATISTICS
690 _aBUILT ENVIRONMENT
942 _n0
948 _c04/03/1997
999 _c19178
_d19178